DRAFTING PLEADING AND CONVEYANCING (Record no. 216693)

MARC details
000 -LEADER
fixed length control field 00583nam a22001817a 4500
008 - FIXED-LENGTH DATA ELEMENTS--GENERAL INFORMATION
fixed length control field 260226b |||||||| |||| 00| 0 eng d
020 ## - INTERNATIONAL STANDARD BOOK NUMBER
International Standard Book Number 978-93-89991-29-1
050 ## - LIBRARY OF CONGRESS CALL NUMBER
Classification number KNS 48.7 .K65 2020
100 ## - MAIN ENTRY--PERSONAL NAME
Personal name KOLHATKAR,MEDHA
245 ## - TITLE STATEMENT
Title DRAFTING PLEADING AND CONVEYANCING
250 ## - EDITION STATEMENT
Edition statement 2
260 ## - PUBLICATION, DISTRIBUTION, ETC.
Place of publication, distribution, etc. HARYANA,,
Name of publisher, distributor, etc. LEXIS NEXIS,
Date of publication, distribution, etc. 2020,
300 ## - PHYSICAL DESCRIPTION
Extent XXXIV,585 P, ILL
500 ## - GENERAL NOTE
General note INCLUDES INDEX
650 ## - SUBJECT ADDED ENTRY
Topical term or geographic name entry element 1. Legal drafting-India-Textbooks 2. Pleading-India-Textbooks 3. Conveyancing-India-Textbooks 4. Contracts-India-Forms
942 ## - ADDED ENTRY ELEMENTS (KOHA)
Source of classification or shelving scheme Library of Congress Classification
Koha item type Long Loan Book
Holdings
Withdrawn status Lost status Source of classification or shelving scheme Damaged status Not for loan Collection Home library Current library Shelving location Date acquired Inventory number Total checkouts Full call number Barcode Date last seen Copy number Price effective from Koha item type
    Library of Congress Classification     Law Kisii University Library Kisii University Library On Display 02/26/2026 111552   KNS 48.7 .K65 2020 000000024106 02/26/2026 1 02/26/2026 Long Loan Book
    Library of Congress Classification     Law Kisii University Library Kisii University Library On Display 02/26/2026 111553   KNS 48.7 .K65 2020 000000024105 02/26/2026 2 02/26/2026 Long Loan Book
    Library of Congress Classification     Law Kisii University Library Kisii University Library On Display 02/26/2026 111554   KNS 48.7 .K65 2020 000000024088 02/26/2026 3 02/26/2026 Long Loan Book
    Library of Congress Classification     Law Kisii University Library Kisii University Library On Display 02/26/2026 111555   KNS 48.7 .K65 2020 000000024104 02/26/2026 4 02/26/2026 Long Loan Book